<?xml version="1.0" encoding="UTF-8"?>
<record
    xmlns:xsi="http://www.w3.org/2001/XMLSchema-instance"
    xsi:schemaLocation="http://www.loc.gov/MARC21/slim http://www.loc.gov/standards/marcxml/schema/MARC21slim.xsd"
    xmlns="http://www.loc.gov/MARC21/slim">

  <leader>01038nam a22002777a 4500</leader>
  <datafield tag="999" ind1=" " ind2=" ">
    <subfield code="c">111488</subfield>
    <subfield code="d">111488</subfield>
  </datafield>
  <controlfield tag="003">dpl</controlfield>
  <controlfield tag="005">20201020153327.0</controlfield>
  <controlfield tag="008">201020b           ||||| |||| 00| 0 eng d</controlfield>
  <datafield tag="010" ind1=" " ind2=" ">
    <subfield code="a">B-151581</subfield>
  </datafield>
  <datafield tag="020" ind1=" " ind2=" ">
    <subfield code="c">150.00</subfield>
  </datafield>
  <datafield tag="035" ind1=" " ind2=" ">
    <subfield code="a">B-151581</subfield>
  </datafield>
  <datafield tag="037" ind1=" " ind2=" ">
    <subfield code="b">Cen Lib/Ret</subfield>
  </datafield>
  <datafield tag="040" ind1=" " ind2=" ">
    <subfield code="a">DPL</subfield>
    <subfield code="b">HN</subfield>
    <subfield code="c">DPL</subfield>
  </datafield>
  <datafield tag="082" ind1=" " ind2=" ">
    <subfield code="a">921</subfield>
    <subfield code="b">&#x924;&#x93F;&#x935;&#x93E;&#x930;&#x940;</subfield>
  </datafield>
  <datafield tag="100" ind1=" " ind2=" ">
    <subfield code="a">&#x924;&#x93F;&#x935;&#x93E;&#x930;&#x940;, &#x930;&#x940;&#x92E;&#x93E;</subfield>
    <subfield code="9">43114</subfield>
  </datafield>
  <datafield tag="245" ind1=" " ind2=" ">
    <subfield code="a">&#x92D;&#x917;&#x935;&#x93E;&#x928; &#x92C;&#x941;&#x926;&#x94D;&#x927; /</subfield>
    <subfield code="c">&#x930;&#x940;&#x92E;&#x93E; &#x924;&#x93F;&#x935;&#x93E;&#x930;&#x940; </subfield>
  </datafield>
  <datafield tag="246" ind1=" " ind2=" ">
    <subfield code="a">Bhagwan budh</subfield>
    <subfield code="b">by Reema Tiwari</subfield>
  </datafield>
  <datafield tag="260" ind1=" " ind2=" ">
    <subfield code="b">&#x936;&#x93F;&#x935;&#x93E;&#x932;&#x93F;&#x915; &#x92A;&#x92C;&#x94D;&#x932;&#x93F;&#x915;&#x947;&#x936;&#x928;&#x94D;&#x938;</subfield>
    <subfield code="a">&#x926;&#x93F;&#x932;&#x94D;&#x932;&#x940; </subfield>
    <subfield code="c">2006</subfield>
  </datafield>
  <datafield tag="270" ind1=" " ind2=" ">
    <subfield code="a">122, &#x930;&#x93E;&#x92E; &#x935;&#x93F;&#x939;&#x93E;&#x930; </subfield>
    <subfield code="b">&#x926;&#x93F;&#x932;&#x94D;&#x932;&#x940; </subfield>
    <subfield code="e">110092</subfield>
  </datafield>
  <datafield tag="300" ind1=" " ind2=" ">
    <subfield code="a">119&#x92A;&#x943;. : </subfield>
    <subfield code="c">21&#x938;&#x947;&#x92E;&#x940; (&#x938;&#x91C;&#x93F;&#x932;&#x94D;&#x926;)</subfield>
    <subfield code="b">&#x91A;&#x93F;&#x924;&#x94D;&#x930;</subfield>
  </datafield>
  <datafield tag="650" ind1=" " ind2=" ">
    <subfield code="a">&#x939;&#x93F;&#x902;&#x926;&#x940; - &#x915;&#x939;&#x93E;&#x928;&#x940; </subfield>
    <subfield code="9">43115</subfield>
  </datafield>
  <datafield tag="650" ind1=" " ind2=" ">
    <subfield code="a">&#x939;&#x93F;&#x902;&#x926;&#x940; &#x938;&#x93E;&#x939;&#x93F;&#x924;&#x94D;&#x92F; </subfield>
    <subfield code="9">43116</subfield>
  </datafield>
  <datafield tag="650" ind1=" " ind2=" ">
    <subfield code="a">Hindi - story</subfield>
    <subfield code="9">43117</subfield>
  </datafield>
  <datafield tag="650" ind1=" " ind2=" ">
    <subfield code="a">Hindi literature</subfield>
    <subfield code="9">43118</subfield>
  </datafield>
  <datafield tag="942" ind1=" " ind2=" ">
    <subfield code="2">ddc</subfield>
    <subfield code="c">HN</subfield>
    <subfield code="h">921</subfield>
    <subfield code="m">&#x924;&#x93F;&#x935;&#x93E;&#x930;&#x940;</subfield>
  </datafield>
  <datafield tag="952" ind1=" " ind2=" ">
    <subfield code="0">0</subfield>
    <subfield code="1">0</subfield>
    <subfield code="4">0</subfield>
    <subfield code="7">0</subfield>
    <subfield code="a">L</subfield>
    <subfield code="b">L</subfield>
    <subfield code="d">2015-08-03</subfield>
    <subfield code="e">Cen Lib/Ret</subfield>
    <subfield code="g">150.00</subfield>
    <subfield code="l">2</subfield>
    <subfield code="m">2</subfield>
    <subfield code="o">921 &#x924;&#x93F;&#x935;&#x93E;&#x930;&#x940;</subfield>
    <subfield code="p">B-151581</subfield>
    <subfield code="r">2020-01-17 00:00:00</subfield>
    <subfield code="s">2019-12-14</subfield>
    <subfield code="t">1</subfield>
    <subfield code="v">150.00</subfield>
    <subfield code="w">2015-08-03</subfield>
    <subfield code="y">HN</subfield>
  </datafield>
  <datafield tag="952" ind1=" " ind2=" ">
    <subfield code="0">0</subfield>
    <subfield code="1">0</subfield>
    <subfield code="2">ddc</subfield>
    <subfield code="4">0</subfield>
    <subfield code="7">0</subfield>
    <subfield code="8">FIC</subfield>
    <subfield code="a">ZLS</subfield>
    <subfield code="b">ZLS</subfield>
    <subfield code="c">FIC</subfield>
    <subfield code="d">2017-02-03</subfield>
    <subfield code="e">DPL</subfield>
    <subfield code="l">0</subfield>
    <subfield code="o">921 &#x924;&#x93F;&#x935;&#x93E;&#x930;&#x940;</subfield>
    <subfield code="p">B-151583</subfield>
    <subfield code="r">2017-02-03 00:00:00</subfield>
    <subfield code="t">1</subfield>
    <subfield code="v">150.00</subfield>
    <subfield code="w">2017-02-03</subfield>
    <subfield code="y">HN</subfield>
  </datafield>
</record>
